Normal view
MARC view
- MOTIVATION RESEARCH-MARKETING. , CONSUMER'S PREFERENCES
Entry Topical Term
001 - CONTROL NUMBER
- control field: 63813
003 - CONTROL NUMBER IDENTIFIER
- control field: NUST
005 - DATE AND TIME OF LATEST TRANSACTION
- control field: 20210628203200.0
008 - FIXED-LENGTH DATA ELEMENTS
- fixed length control field: 210628|| aca||aabn | a|a d
040 ## - CATALOGING SOURCE
- Original cataloging agency: NUST
- Transcribing agency: NUST
150 ## - HEADING--TOPICAL TERM
- Topical term or geographic name entry element: MOTIVATION RESEARCH-MARKETING. , CONSUMER'S PREFERENCES
670 ## - SOURCE DATA FOUND
- Source citation: Work cat.: (NUST): Mowen, John C 63812, The 3m model of motivation and personality , theory and empirical applications to consumer behavior, 1999
